Poemas escogidos

Guardat en:
Dades bibliogràfiques
Autor principal: Keats, John (Autor)
Format: Llibre
Idioma:espanyol
Publicat: Madrid Catedra 2015
Edició:5a. ed
Col·lecció:Letras Universales, 258
Matèries:
Etiquetes: Afegir etiqueta
Sense etiquetes, Sigues el primer a etiquetar aquest registre!

MARC

LEADER 00000cam a2200000 a 4500
001 UCD3552
003 CL-VaPUC
008 160609e20150000sp |||||||||||||||||spa|d
020 |a 9788437615752 
082 0 4 |a 821  |b KEA  |2 21 
100 |a Keats, John  |e author  |9 326187 
245 1 0 |a Poemas escogidos 
250 |a 5a. ed 
300 |a 219 p 
942 |c BK 
945 |d 20160609 22:21:00  |a arojas 
260 |a Madrid  |b Catedra  |c 2015 
650 0 |a Poesías inglesas  |9 265094 
650 0 |a Literatura inglesa  |9 312907 
583 |a last modification  |c 20160609 22:21:00  |k Rodrigo Vera 
490 0 |a Letras Universales, 258 
999 |c 364588  |d 364586